00244nam a2200097Ia 4500100002700000654000900027245004800036260004200084300000800126546001200134 aThomas/R/ Rogers/L.R.  aunix aAdvanced Programmers Guide to Unix System V bOsborne Mc graw HillaSingaporec1987 a484 aENGLISH